La educación a distancia en el sector público (Registro nro. 3150)
[ vista simple ]
| 000 -LEADER | |
|---|---|
| fixed length control field | 01057 a2200241 4500 |
| 001 - CONTROL NUMBER | |
| control field | 39917 |
| 005 - DATE AND TIME OF LATEST TRANSACTION | |
| control field | 20260407155656.0 |
| 008 - FIXED-LENGTH DATA ELEMENTS--GENERAL INFORMATION | |
| fixed length control field | 260407a1996 arg spa d |
| 003 - CONTROL NUMBER IDENTIFIER | |
| control field | AR-UNSa-BCEJYS |
| 040 ## - CATALOGING SOURCE | |
| Original cataloging agency | AR-UNSa-BCEJYS |
| Language of cataloging | spa |
| Transcribing agency | AR-UNSa-BCEJYS |
| 080 ## - UNIVERSAL DECIMAL CLASSIFICATION NUMBER | |
| Universal Decimal Classification number | 378.14 |
| Common auxiliary subdivision | Organización y estructuración de los estudios( Educación a distancia...) |
| 041 ## - LANGUAGE CODE | |
| Language code of text/sound track or separate title | spa |
| 100 1# - MAIN ENTRY--PERSONAL NAME | |
| Personal name | Mena, Marta |
| 245 10 - TITLE STATEMENT | |
| Title | La educación a distancia en el sector público |
| Name of part/section of a work | manual para la elaboración de proyectos |
| 264 #1 - PRODUCTION, PUBLICATION, DISTRIBUTION, MANUFACTURE, AND COPYRIGHT NOTICE | |
| Place of production, publication, distribution, manufacture | Buenos Aires : |
| Name of producer, publisher, distributor, manufacturer | INAP |
| Date of production, publication, distribution, manufacture, or copyright notice | 1996 |
| 300 ## - PHYSICAL DESCRIPTION | |
| Extent | 165 p. |
| Dimensions | 20 cm. |
| 505 ## - FORMATTED CONTENTS NOTE | |
| Formatted contents note | 1. Presentación - 2. Introducción - 3. Precisiones conceptuales - 4. La modalidad más adecuada - 5. La elaboración de proyectos de educación a distancia - 6. Proceso metdológico para el desarrollo de proyectos - 7. Los materiales - 8. Las tutorias - 9. Pautas mínimas para el desarrollo de proyectos |
| 590 ## - LOCAL NOTE (RLIN) | |
| Local note | niveau_biblio:m niveau_hierar:0 |
| 700 1# - ADDED ENTRY--PERSONAL NAME | |
| Personal name | Pautasso, Marcelo |
| 700 1# - ADDED ENTRY--PERSONAL NAME | |
| Personal name | Gatica, María Jesús |
| 700 1# - ADDED ENTRY--PERSONAL NAME | |
| Personal name | Diez, María Laura |
| 942 ## - ADDED ENTRY ELEMENTS (KOHA) | |
| Koha item type | |
| Withdrawn status | Lost status | Damaged status | Not for loan | Home library | Current library | Shelving location | Date acquired | Total checkouts | Full call number | Barcode | Date last seen | Price effective from | Koha item type |
|---|---|---|---|---|---|---|---|---|---|---|---|---|---|
| Biblioteca Prof. Eusebio Cleto del Rey | Biblioteca Prof. Eusebio Cleto del Rey | 07/04/2026 | 378.14 M534 | L125627 | 07/04/2026 | 07/04/2026 | Libro |